[Event "Hotel Agro GM"]
[Site "Budapest"]
[Date "1999.07.30"]
[Round "1"]
[White "Bellini, Fabio"]
[Black "Acs, Peter"]
[Result "1-0"]
[WhiteElo "2418"]
[BlackElo "2525"]
[Annotator "Atlas,V"]
[PlyCount "75"]
[EventDate "1999.08.05"]
[EventType "tourn"]
[EventRounds "9"]
[EventCountry "HUN"]
[EventCategory "10"]
[SourceTitle "CBM 073"]
[Source "ChessBase"]
[SourceDate "1999.12.01"]
[SourceVersion "1"]
[SourceVersionDate "1999.12.01"]
[SourceQuality "1"]

1. e4 e5 2. Nf3 Nc6 3. Bc4 Nf6 4. d3 Be7 5. O-O O-O 6. Re1 d6 7. a4 h6 8. Nbd2
(8. a5 a6 9. c3 Nh7 10. d4 (10. b4 Be6) (10. Nbd2 Ng5 11. h3 Bf6 12. Nf1) (10.
Qb3) 10... Ng5 11. Nbd2 Bf6 {Vlassov,N-Yandemirov,V/Maikop 1998/CBM 66 0-1 (30)
}) 8... Nh7 9. c3 Bg5 $6 {This continuation is apparently inferior to 9... Ng5,
since it will be difficult for Black to compensate for the absence of the
dark-squared Bishop.} 10. Nxg5 Nxg5 (10... Qxg5 11. Nf1 $14) 11. Nf1 Nh7 12. a5
a6 13. Ng3 Nf6 14. Qf3 Ne7 (14... Bg4 15. Qe3 Be6 (15... d5 16. exd5 Nxd5 17.
Qc5 Be6 18. b4 $1 {/\b5, xe5}) 16. b4) 15. d4 Ng6 16. Nf5 d5 (16... Re8 $142)
17. Bxd5 (17. exd5 $6 e4 18. Qh3 Qd7 19. Nxh6+ gxh6 20. Qxh6 Qf5 $15) 17...
Nxd5 18. exd5 Bxf5 19. Qxf5 Qxd5 20. f4 $1 (20. dxe5 Rfe8) 20... c5 (20...
Qxg2+ 21. Kxg2 Nh4+ 22. Kh1 (22. Kf2 Nxf5 23. fxe5 $14 (23. dxe5 Rad8)) 22...
Nxf5 23. fxe5 (23. Rxe5 $143 g6 24. b3 f6) 23... Rfe8 24. Ra4 (24. d5 $2 Rad8
25. c4 Nd4 $1 (25... c6 26. dxc6 bxc6 $15) 26. Re4 Nb3 27. Rb1 c6 $17 28. dxc6
$140 $2 Rd1+ 29. Kg2 bxc6 $19) 24... Ne7 (24... Rad8 25. Rb4) 25. b3 c6 26. Ra2
$14) 21. dxe5 Qxg2+ 22. Kxg2 Nh4+ 23. Kf2 Nxf5 24. Be3 Nxe3 25. Kxe3 {The rook
endgame looks promising for White whose King is much more active than its
counterpart. Besides, White enjoys a significant space advantage, and Black's
c5-pawn is a potential weakness.} Rfd8 26. Rad1 Rab8 (26... Kf8 27. Ke4 Ke7 28.
f5) (26... g6 27. f5 gxf5 28. Kf4 Kf8 29. Kxf5 Ke7 30. c4 Rxd1 31. Rxd1 Rg8 32.
Rd6 Rg5+ 33. Ke4 Rg6 (33... Rg4+ 34. Kd5) (33... Rg2 34. Rb6 Rxh2 35. Rxb7+ $18
) 34. Rxg6 fxg6 35. Kd5 g5 36. e6 $1 h5 37. Ke5 $18) 27. Ke4 Kf8 28. f5 Ke7 29.
Rd5 {[%csl Rc5]} Rxd5 30. Kxd5 Rc8 31. Rg1 $1 (31. Re4 g6 32. f6+ Kd7 33. e6+
Ke8 34. exf7+ Kxf7 35. Re7+ Kxf6 36. Rxb7 Kf5 37. Rb6 Re8 38. Rxa6 Re2 39. Ra8
Rxb2 (39... Rxh2 40. Rf8+ Kg4 41. a6) 40. a6 Ra2 41. a7 Kg4 42. Kxc5 h5 43. Kb6
Rb2+ 44. Kc7 Ra2 45. c4 Kh3 46. c5 Kxh2 47. c6 $18) 31... Rd8+ 32. Kxc5 Rd2 33.
Rxg7 Rxb2 34. e6 Rb5+ 35. Kd4 Rxf5 36. Rxf7+ Kxe6 37. Rxf5 Kxf5 38. Kc5 1-0

[Event "FIDE-Wch k.o."]
[Site "Las Vegas"]
[Date "1999.08.03"]
[Round "2.1"]
[White "Short, Nigel D"]
[Black "Fridman, Daniel"]
[Result "1-0"]
[WhiteElo "2675"]
[BlackElo "2526"]
[Annotator "Atlas,V"]
[PlyCount "57"]
[EventDate "1999.07.31"]
[EventType "k.o."]
[EventRounds "7"]
[EventCountry "USA"]
[SourceTitle "CBM 072"]
[Source "ChessBase"]
[SourceDate "1999.10.01"]
[SourceVersion "1"]
[SourceVersionDate "1999.10.01"]
[SourceQuality "1"]

1. e4 e5 2. Bc4 Nf6 3. d3 Nc6 4. Nf3 h6 5. c3 d6 6. O-O g6 7. d4 Qe7 8. dxe5
Nxe5 9. Nxe5 Qxe5 (9... dxe5) 10. Nd2 (10. Qb3 $5 Qe7 11. Be3 Bg7 12. Nd2 O-O
13. Rae1 c6 14. a4 Nxe4 15. Nxe4 Qxe4 16. Bxh6 Qf5 17. Bxg7 Kxg7 18. Re3 $36 {
1/2-1/2 Rubery,M-Godena,M/Elista 1998/CBM 66 ext (32)}) 10... Be6 $2 {This
move runs against an energetic refutation.} (10... Bg7 {is a better try:} 11.
Nf3 Qc5 12. Qd4 (12. Bd3 {1/2-1/2 Gipslis,A-Razuvaev,Y/Jurmala 1987/CBM 05 (12)
}) 12... Qxd4 13. cxd4 Nxe4 14. Re1 f5 15. Nd2 Kd8 16. Nxe4 fxe4 17. Rxe4 c6
18. d5 Bf5 19. Re1 Re8 20. Bf4 Rxe1+ 21. Rxe1 Kd7 $11 {1/2-1/2 Eingorn,
V-Vladimirov,E/Riga 1980/MCL (41)}) 11. Qa4+ $1 Nd7 {Forced.} (11... c6 $2 12.
Nf3 Qc5 13. Bxe6 fxe6 14. Qb3 $16 {[%csl Rb7,Re6]}) (11... Bd7 12. Qb3 {
[%csl Rb7,Rf7]}) 12. Nf3 Qf6 (12... Qxe4 13. Re1 $40) 13. Be3 {Winning an
important tempo and creating a target for the attack. Black should prevent
Be3-d4.} c5 14. Bd5 $1 {[%mdl 4] After bishop exhange Black's king will have
to go to the Q-side, where White can quickly develop a strong initiative.} Bxd5
15. exd5 a6 16. Rfe1 O-O-O 17. c4 (17. b4 $5 Nb6 $140 18. Qb3 c4 19. Qc2 Nxd5
20. Bd4) 17... Bg7 (17... Qxb2 $2 {allows White to finish the game by a direct
attack:} 18. Rab1 Qf6 19. Rxb7 $1 Kxb7 20. Qc6+ Ka7 21. Rb1 {and mate is
inevitable.}) 18. Rab1 Rhe8 19. b4 {[%cal Yb1b7,Ye3c5]} Qc3 20. Rec1 $18 Rxe3 (
20... Qd3 21. Rb3 $40) 21. Rxc3 (21. fxe3 Qxe3+ 22. Kh1 {is also winning for
White, for example:} Qf4 23. b5 Nb6 24. Qa5 Nxc4 25. Qa4 axb5 26. Qxb5 Nb2 27.
Rc2 Qe4 28. Qb3) 21... Rxc3 22. Nd2 Nb6 23. Qd1 cxb4 (23... Nxc4 24. Ne4) 24.
Rxb4 Kc7 25. Qb1 Bd4 26. Ne4 Re8 (26... Rxc4 27. Rxc4+ Nxc4 28. Qd3) (26... Ra3
27. c5 $18) 27. Rxb6 $1 Rxe4 28. Rxb7+ Kd8 29. Rb8+ 1-0

[Event "Escaldes zt"]
[Site "Escaldes"]
[Date "1998.11.09"]
[Round "4"]
[White "Bauer, Christian"]
[Black "Hebden, Mark"]
[Result "1-0"]
[WhiteElo "2490"]
[BlackElo "2590"]
[Annotator "Atlas,V"]
[PlyCount "71"]
[EventDate "1998.11.06"]
[EventType "swiss"]
[EventRounds "9"]
[EventCountry "AND"]
[SourceTitle "CBM 068"]
[Source "ChessBase"]
[SourceDate "1999.02.01"]
[SourceVersion "1"]
[SourceVersionDate "1999.02.01"]
[SourceQuality "1"]

1. e4 e5 2. Nf3 Nc6 3. Bc4 Nf6 4. d3 Be7 5. O-O d6 6. c3 O-O 7. Bb3 Na5 8. Bc2
c5 9. a3 (9. d4 $5 cxd4 10. cxd4 Nc6 11. h3 Nb4 12. Bb3 a5 13. Nc3 $14 {
Dolmatov}) 9... Nc6 10. b4 a6 11. Nbd2 (11. h3 d5 12. exd5 Nxd5 13. Re1 Bf6 $5
(13... Qc7 14. Bb2 $14) 14. bxc5 (14. Nfd2 $5) 14... Bf5 {0-1 Belikov,V-Smagin,
S/Kazan 1995/CBM 51/ (78)}) 11... Re8 (11... Qc7 12. h3 b5 13. d4 cxd4 14. cxd4
exd4 15. Bb2 Nd7 16. Nxd4 Nxd4 17. Bxd4 Bf6 18. Nb3 $16 {1-0 Dolmatov,S-Sideif
Sade,F/Tashkent 1980/MCL 06 (51)}) 12. Bb2 Bf8 13. Re1 Nh5 {Having in mind not
only Nf4, but also an advancement f7-f5. However now this manoeuvre does not
afford much for Black. Instead 13...b5, 13...Be6 or even 13...d5 was worth
attention.} 14. Nf1 g6 15. Ne3 Nf4 16. g3 Nh5 17. Kg2 Bg7 18. Bb3 $1 {[%cal
Gb3f7] Putting pressure on the square f7 and hampering f7-f5.} Bd7 19. h3 (19.
Nd5 $5) 19... Rf8 (19... Qc8 20. Ng5) 20. Nd5 Rc8 21. d4 {Opportunely played.
White is better prepared for the opening of the game.} exd4 22. cxd4 b5 23. g4
$1 c4 (23... Nf6 24. Nxf6+ Bxf6 25. bxc5 dxc5 26. e5 Be7 (26... Bg7 27. dxc5
Na5 28. e6) 27. d5 $16) 24. gxh5 (24. Bc2 $6 Nf6) 24... cxb3 25. Qxb3 Kh8 {
Intending to open f-file and organize the counterplay against weakened White's
king. Yet the space advantage which White has gained allowed him to neutralize
Black's threats.} 26. Kh2 f5 27. hxg6 fxe4 (27... hxg6 28. Nf4 $16) 28. Rxe4
Bf5 29. Rh4 Bxg6 30. Nf4 Be4 (30... Bf5 31. Rg1 Nxd4 $140 $2 32. Rxg7 $18) 31.
Re1 Rxf4 {This exhange sacrifice amounts to a resignation, however Black's
position was already very difficult.} (31... Bf5 32. Rg1 (32. Qd5 $143 Ne7 (
32... Rc7 33. Ne6 $16) 33. Rxe7 $140 Qxe7 34. Qxf5 Qxh4 35. Nxh4 Rxf5 36. Nxf5
Rc2 $132) 32... Qe7 33. Nh5 Be6 34. d5 Be5+ 35. Nf4) 32. Rxf4 d5 33. Ne5 Nxe5
34. dxe5 Qg5 35. Qg3 Qh6 36. Rg1 1-0

[Event "Escaldes zt"]
[Site "Escaldes"]
[Date "1998.11.09"]
[Round "4"]
[White "Illescas Cordoba, Miguel"]
[Black "Efimov, Igor"]
[Result "0-1"]
[WhiteElo "2605"]
[BlackElo "2530"]
[Annotator "Atlas,V"]
[PlyCount "74"]
[EventDate "1998.11.06"]
[EventType "swiss"]
[EventRounds "9"]
[EventCountry "AND"]
[SourceTitle "CBM 068"]
[Source "ChessBase"]
[SourceDate "1999.02.01"]
[SourceVersion "1"]
[SourceVersionDate "1999.02.01"]
[SourceQuality "1"]

1. e4 e5 2. Nf3 Nc6 3. Bc4 Nf6 4. d3 h6 5. O-O d6 6. c3 Qe7 7. Re1 g6 8. d4 Bg7
9. d5 {A new move in this position, which eventually rerails the game into the
Kings-Indian. Black manages to come out of the opening with an excellent
counterplay.} (9. b4 a6 10. Bd5 Bd7 11. dxe5 dxe5 12. Be3 b6 13. a4 Ng4 14. Bc1
Rd8 15. b5 axb5 16. axb5 Na5 17. Ba3 $16 {1-0 Tischbierek,R-Blatny,P/Bad
Worishofen open 1990 (39)}) (9. h3 Nh5 10. Na3 O-O 11. Nc2 Bd7 12. Ne3 Rae8 13.
Nd5 Qd8 14. dxe5 Nxe5 15. Nxe5 Rxe5 16. Nf4 Nxf4 17. Bxf4 Re7 18. Bd5 Qc8 19.
Qb3 Bc6 20. Re3 Rfe8 21. Rae1 Qd7 22. Bxc6 Qxc6 23. Qd5 Qb6 24. R1e2 Re6 25.
Rd2 g5 26. Bg3 {1/2-1/2 Yakovich,Y-Mikhalchishin,A/URS-FL Kujbyshev 1986/MCL
05 (26)}) (9. dxe5 Nxe5 10. Nxe5 dxe5 11. b3 O-O 12. Ba3 c5 13. Nd2 Rd8 $14 {
1-0 Minasian,A-Alvarez Ibarra,R/Oviedo rapid 1993 (36)}) 9... Nd8 10. Bf1 O-O
11. c4 Ne8 12. Nc3 f5 13. exf5 $5 gxf5 14. Nd2 (14. b4 a5 15. b5 e4) 14... c5
15. f4 Nf7 16. fxe5 dxe5 17. Nb3 Bd7 18. Kh1 b6 {In order to have a
possibility to enter the square d6 with a knight.} 19. Be3 Ned6 20. Nd2 Kh8 $1
{Black leaves g8-square free for his rook.} 21. a4 a5 22. Bf2 Rg8 23. Ra3 Rae8
24. Rb3 {White desperately tries to create counterplay, but Black easliy
averts all such attempts.} Qd8 25. Nf3 $6 e4 26. Bh4 (26. Ng1 f4 $17 (26... Ne5
$17)) 26... Bf6 27. Bxf6+ Qxf6 28. Ng1 Ne5 $1 {Black's initiative becomes
threatening.} 29. Rxb6 Qh4 $1 30. Nh3 ({The knight on d6 cannot be taken:} 30.
Rxd6 Ng4 31. Nh3 Qxh3 32. gxh3 Nf2#) 30... f4 $1 {[%cal Gh4h3,Gd7h3]} 31. Rxd6
(31. Nxf4 Ng4 (31... Qxf4 32. Rxd6 Ng4 $19) 32. Nh3 Qxh3 $19) 31... Bxh3 32.
Nxe4 (32. gxh3 Qg5 33. Rxh6+ Qxh6 $19) (32. Rxe4 Ng4 33. Re2 f3 34. gxf3 Rxe2
35. Qxe2 Bxf1 $19) 32... Bxg2+ $1 33. Bxg2 Ng4 34. h3 Rxe4 $1 35. Rf1 Re3 {
[%cal Ge3h3,Gh4h3]} 36. Qd2 Rxh3+ ({After} 36... Nf2+ {mate is also
inescapable:} 37. Qxf2 (37. Kg1 Rxg2+ 38. Kxg2 Qg3#) (37. Rxf2 Rxh3+ 38. Bxh3
Qxh3+ 39. Rh2 Qf1#) 37... Rxh3+ 38. Bxh3 Qxh3+ 39. Qh2 Qxf1+ 40. Qg1 Qxg1#) 37.
Kg1 Ne5 (37... Nf6 {would have forced mate on the next move.}) 0-1

[Event "Olympiad-33"]
[Site "Elista"]
[Date "1998.10.07"]
[Round "9.2"]
[White "Onischuk, Alexander"]
[Black "Blatny, Pavel"]
[Result "1-0"]
[WhiteElo "2630"]
[BlackElo "2520"]
[Annotator "Atlas,V"]
[PlyCount "111"]
[EventDate "1998.09.29"]
[EventType "team-swiss"]
[EventRounds "13"]
[EventCountry "RUS"]
[SourceTitle "CBM 068"]
[Source "ChessBase"]
[SourceDate "1999.02.01"]
[SourceVersion "1"]
[SourceVersionDate "1999.02.01"]
[SourceQuality "1"]
[WhiteTeam "Ukraine"]
[BlackTeam "Czech Republic"]
[WhiteTeamCountry "UKR"]
[BlackTeamCountry "CZE"]

1. e4 e5 2. Nf3 Nc6 3. Bc4 Nf6 4. d3 Be7 5. O-O O-O 6. Bb3 d6 7. c3 h6 8. Nbd2
Nh7 9. Nc4 Ng5 10. Nxg5 Bxg5 11. f4 exf4 12. Bxf4 Be6 (12... Bxf4 13. Rxf4 Ne5
(13... Qg5 14. Qd2 Ne5 15. Nxe5 dxe5 16. Rxf7 $1 $16 {1-0 Ageichenko,G-Kuzmina,
C/Moscow 1991/TD 91\03 (53)}) 14. Qf1 Be6 15. d4 $14 {0-1 Skribanek,L-Szell,L/
Boblingen 1985/MCD-op (47)}) 13. Ne3 $5 (13. d4 Bxf4 (13... d5 14. Ne3 Bxf4 15.
Rxf4 Ne7 16. Qh5 c6 17. Raf1 Qd7 18. e5 $40 {1-0 Titov,G-Yilmaz,T/Manila 1992/
TD 92\02 (53)}) 14. Rxf4 Qg5 15. Qf3 Ne7 16. h4 Qb5 $132 {0-1 Gelashvili,
T-Kobalija,M/Guarapuava 1995/JUN 95 (42)}) 13... Bxf4 14. Rxf4 Qg5 15. Rf3 h5
16. d4 Ne7 17. Qd3 c6 18. Bc2 {[%cal Gc2h7,Ge4e5] White carries into effect a
different setup as against the game Gelashvili-Kobalija.} Bg4 19. Nxg4 hxg4 20.
Rf2 g6 {21.e5 was threatening, but the text leads to a loss of a pawn.} (20...
Ng6 21. Qg3 Rad8 22. Raf1 {and Black is deprived of counterplay.}) 21. Qg3 $1
f5 (21... Rad8 22. Rf4 f5 23. exf5 Nxf5 (23... gxf5 24. Bxf5) 24. Qxg4 (24.
Rxg4 Nxg3 25. Rxg5 Ne2+ 26. Kh1 Rf2) 24... Qxg4 25. Rxg4 $16) 22. Qxd6 fxe4 23.
Qe6+ Kg7 24. Rxf8 Rxf8 25. Qxe4 Nd5 26. Re1 Rf6 {Black's forces are well
placed and to make use of material advantage White needs to exchange some
pieces.} (26... g3 27. hxg3 Qxg3 28. Qe5+ $16) 27. g3 $5 b5 28. Qe5 Qd2 29. Qe2
Qg5 30. Bb3 Rf3 31. Bxd5 Qxd5 32. Qe7+ $1 (32. Qe5+ $143 Qxe5 33. Rxe5 Kh6)
32... Rf7 33. Qe5+ Qxe5 34. Rxe5 Rf3 {The rook endgame looks promising for
White due to manifold pawn weaknesses of his opponent, and yet an activity of
Black's rook and unfortunate position of White's king make an outcome of the
game unclear.} 35. Re7+ Kh6 36. Rxa7 Rd3 37. Rc7 Rd2 38. b4 Kg5 {Trying to
create threats to White's king.} 39. Rxc6 Kf5 40. Rb6 $1 {Forcing Black to
give up one more pawn.} Ke4 41. Rxg6 (41. Rxb5 $2 Kf3) 41... Kf3 {[%csl Rg1]}
42. Rf6+ Ke3 {Remaining Black's pieces are ideally situated, and in spite of 4
extra pawns White still has problems to prove his advantage! Yet, advancing
d-pawn, White manages to lead away Black's rook and enter his king into play.}
43. Rf4 Rd1+ 44. Rf1 Rd2 45. a3 Rc2 46. d5 $1 Rd2 (46... Rxc3 47. Rd1 Ke2 48.
Rd4 Ke3 49. Rxg4) 47. d6 $1 Rxd6 48. h3 $1 {Immediately using an opportunity
to free the king.} gxh3 49. Kh2 Rd5 50. Kxh3 Kd2 51. Rf3 Rh5+ (51... Ke2 52.
Kg4) 52. Kg4 Rh8 53. Rf5 Rb8 54. Rc5 Kd3 55. Kf5 Rf8+ 56. Ke5 1-0

[Event "Lausanne YM Pool A"]
[Site "Lausanne"]
[Date "1999.05.13"]
[Round "3"]
[White "Sadvakasov, Darmen"]
[Black "Bacrot, Etienne"]
[Result "1-0"]
[WhiteElo "2487"]
[BlackElo "2561"]
[Annotator "Atlas,V"]
[PlyCount "117"]
[EventDate "1999.05.??"]
[EventType "tourn"]
[EventRounds "3"]
[EventCountry "SUI"]
[EventCategory "13"]
[SourceTitle "CBM 071"]
[Source "ChessBase"]
[SourceDate "1999.08.01"]
[SourceVersion "1"]
[SourceVersionDate "1999.08.01"]
[SourceQuality "1"]

1. e4 e5 2. Nf3 Nc6 3. Bc4 Nf6 4. d3 h6 5. O-O d6 6. c3 g6 7. d4 Qe7 8. Re1 Bg7
9. Nbd2 O-O 10. h3 {The tabia of this variation.} Kh8 {The other options are:}
(10... Qd8 11. Bb3 (11. d5 Ne7 12. Nf1 Nh5 13. N3h2 Nf4 14. Ng3 {Baciu Ionescu,
O-Olarasu,G/ROM-chT 1994/EXT 94ch/0-1 (39)}) 11... Re8 12. a3 a5 13. Bc2 Bd7
14. Nf1 a4 15. Ng3 b5 16. Be3 Na5 17. Nd2 Nh7 18. f4 exf4 19. Bxf4 c5 $132 {
0-1 Gavrikov,V-Eingorn,V/USSR 1981/Inf 31 (88)}) (10... Nh7 11. Nf1 Ng5 12.
N1h2 (12. Nxg5 hxg5 13. d5 Nd8 14. Bd3 f5 {1/2-1/2 Dolmatov,S-Timoshchenko,G/
Frunze 1981/URS-ch (45)}) 12... Nxf3+ 13. Nxf3 Kh7 (13... Na5 14. Bd3 c5 15.
Be3 Kh7 16. Qa4 b6 17. b4 {1-0 Dolmatov,S-Beliavsky,A/USSR 1980/Inf 30 (77)})
14. a4 f5 $36 {0-1 Ghinda,M-Beliavsky,A/Lvov 1981/Inf 32 (36)}) (10... Kh7 11.
Nf1 Nd8 12. Ng3 Ng8 13. Bd3 {1-0 Psakhis,L-Ney,I/Tallinn 1983/Inf 35 (39)}) (
10... Nd8 11. Nf1 c6 12. Ng3 Nh7 13. Be3 Qf6 14. d5 c5 15. Nh2 Qh4 16. Nf3 Qf6
{1/2-1/2 Bologan,V-Balashov,Y/Azov 1991/CBM 25 (45)}) 11. Nf1 exd4 $5 (11...
Bd7 12. Ng3 Rae8 13. a4 Nh7 14. dxe5 Nxe5 15. Nxe5 Qxe5 16. Be3 $14 {1-0
Kosten,A-Astolfi,F/Toulouse 1990/EXT 97 (31)}) 12. Nxd4 Nxd4 13. cxd4 d5 {
Black offers an interesting pawn sacrifice intended to destroy White's center.
Yet, in this game he did not succeed to justify his approach fully.} 14. exd5
Qd7 15. Qf3 Kh7 16. Bb3 a5 17. a3 Rd8 18. Ne3 Re8 19. Rd1 Ra6 20. Bc2 a4 21.
Bd2 b6 {[%csl Rd5][%cal Gc8b7,Gb7d5,Gd7d5,Gf6d5]} (21... Rd6 $2 22. Bb4) {
It sounds as if Black is about to seize the initiative after conquering
White's pawn at d5. But the following advancement of doomed pawn allows White
to retain the upper hand.} 22. d6 $1 cxd6 ({White also keeps an edge after} 
22... Qxd6 23. Bb4 {and 24.d5}) 23. d5 Qd8 (23... Bb7 24. Bc3 Ng8 25. Bd3 $36 {
[%cal Ya1c1,Ye3c4]}) 24. Bd3 Ra7 25. Rac1 Rae7 26. Bb4 {Black's forces are
tightened up. A liberation attempt fails:} Ne4 (26... Bb7 27. Bb5 Rf8 28. Bxa4)
27. Bxe4 Rxe4 28. Rc6 $1 {[%csl Rd6]} (28. Qxf7 $6 R4e7 29. Qf3 Bxb2) (28. Nc4
$5) 28... Bb7 29. Rxd6 Qc7 {The rook on d6 seems to be in trouble, but White
has in disposal the forced combination which secures him a favourable endgame.}
30. Ng4 $1 {[%mdl 192]} Rxb4 {[%cal Gg4f6]} 31. Nf6+ Bxf6 32. Rxf6 Bxd5 33.
Qxd5 Rf4 34. Qd6 $1 Qxd6 35. Rdxd6 Rxf6 36. Rxf6 Kg7 37. Rxb6 Re2 38. g4 {
Before creating a passed pawn at the Q-side White improves position of his
king and pawns at the opposite part of the chessboard.} Rd2 39. Kg2 Rd3 40. h4
Rd4 41. Kg3 Rd3+ 42. f3 Rd4 43. Kf2 Rd2+ 44. Ke3 Rh2 45. Rb4 Rg2 {Black cannot
allow his opponent to get a pair of passed pawns.} 46. Kd4 $1 Rc2 47. Rxa4 $1 {
The time has come.} (47. Kd3 Rf2 48. Kc3 Rxf3+ 49. Kc2 Rh3 50. Rxa4 Rxh4 $132)
47... Rxb2 48. Rb4 Rh2 49. a4 Rxh4 50. a5 h5 51. Kc5 Rh1 52. gxh5 gxh5 53. a6
Ra1 54. Kb6 Kg6 55. a7 f5 (55... Kg5 56. Rb5+ Kf4 57. Ra5 $18) 56. f4 $1 {
The necessary precision.} (56. Rb5 Rxa7 57. Kxa7 Kg5 58. Kb6 h4 59. Kc5 h3 60.
Kd4 Kf4) 56... h4 57. Rb5 h3 58. Ra5 Rb1+ 59. Kc5 (59. Kc5 h2 60. a8=Q h1=Q 61.
Qe8+ $18) 1-0